Torch bearers of the deccan blazing up the northern skies : (Record no. 152172)

MARC details
000 -LEADER
fixed length control field 00768nam a22001937a 4500
005 - DATE AND TIME OF LATEST TRANSACTION
control field 20180521111116.0
010 ## - LCCN (DPL NO)
LC control number ENG-123065
020 ## - INTERNATIONAL STANDARD BOOK NUMBER
International Standard Book Number 9789352735389
Terms of availability 950.00
035 ## - SYSTEM CONTROL NUMBER
System control number EN-106597
037 ## - SOURCE OF ACQUISITION
Source of stock number/acquisition DBAD/PUB.
082 ## - DEWEY DECIMAL CLASSIFICATION NUMBER
Classification number 954.083
100 ## - MAIN ENTRY--PERSONAL NAME
Personal name David, M.D.
245 ## - TITLE STATEMENT
Title Torch bearers of the deccan blazing up the northern skies :
Statement of responsibility, etc by M.D. David
Remainder of title (1857 in Maharashtra - A History) published on the occasion of 160th anniversary of the great rebellion of 1857 /
260 ## - PUBLICATION, DISTRIBUTION, ETC. (IMPRINT)
Place of publication, distribution, etc New Delhi
Name of publisher, distributor, etc Himalaya Publishing House
Date of publication, distribution, etc 2017
270 ## - ADDRESS
Address Pooja Apartments, 4-B, Murari Lal Street, Ansari Road Dariy Ganj
City New Delhi
Postal code 110002
300 ## - PHYSICAL DESCRIPTION
Extent 193p.
Other physical details 22cm(Hb)
Dimensions ill.
500 ## - GENERAL NOTE
General note It include bibliography and index
942 ## - ADDED ENTRY ELEMENTS (KOHA)
Source of classification or shelving scheme Dewey Decimal Classification
Item type English Books
Classification part 954.083
Call number suffix DAV
Holdings
Withdrawn status Lost status Not for loan Collection code Home library Current library Date acquired Source of acquisition Cost, normal purchase price Full call number Barcode Copy number Cost, replacement price Koha item type
    Not For Loan Non-fiction D.B.Act.Division Patel Nagar 21/05/2018 DBAD/PUB 950.00 954.083 DAV EN-106597 1 950.00 English Books

© Delhi Public Library
Hit Counter
free hit counter